Caracterización del Sistema de Innovación Agroindustrial Vino en Valle de Guadalupe, Baja California y Valle de Parras, Coahuila / (Record no. 217562)
[ view plain ]
| 000 -CABECERA | |
|---|---|
| campo de control de longitud fija | 02188nam a22003617a 4500 |
| 003 - IDENTIFICADOR DEL NÚMERO DE CONTROL | |
| campo de control | CHAP |
| 005 - FECHA Y HORA DE LA ÚLTIMA TRANSACCIÓN | |
| campo de control | 20240520112522.0 |
| 007 - CAMPO FIJO DE DESCRIPCIÓN FÍSICA--INFORMACIÓN GENERAL | |
| campo de control de longitud fija | ta |
| 008 - DATOS DE LONGITUD FIJA--INFORMACIÓN GENERAL | |
| campo de control de longitud fija | 220805s2019 mx odabfr|||| 001 0 spa d |
| 040 ## - FUENTE DE LA CATALOGACIÓN | |
| Centro catalogador/agencia de origen | mxchpua |
| 090 ## - LOCALMENTE ASIGNADO TIPO-LC NÚMERO DE CLASIFICACIÓN (OCLC); NÚMERO DE CLASIFICACIÓN LOCAL (RLIN) | |
| Número de clasificación (OCLC) (R) ; Numero de clasificación, CALL (RLIN) (NR) | T.C.827 |
| Número cutter local (OCLC) ; Número de libro/Signatura topográfica íntegra, CALL (RLIN) | E87 SAI |
| Año | 2019 |
| 245 10 - MENCIÓN DE TÍTULO | |
| Título | Caracterización del Sistema de Innovación Agroindustrial Vino en Valle de Guadalupe, Baja California y Valle de Parras, Coahuila / |
| Mención de responsabilidad, etc. | coordinador Anastacio Espejel García ; colaboradores Miguel Ángel Camargo Juárez...[et al.] |
| 260 ## - PUBLICACIÓN, DISTRIBUCIÓN, ETC. | |
| Lugar de publicación, distribución, etc. | Chapingo, México : |
| Nombre del editor, distribuidor, etc. | El autor, |
| Fecha de publicación, distribución, etc. | 2019 |
| 300 ## - DESCRIPCIÓN FÍSICA | |
| Extensión | 159 hojas : |
| Otras características físicas | ilustraciones, gráficas, mapas, fotos + |
| Material acompañante/anejo | 1 CD-ROM |
| 336 ## - TIPO DE CONTENIDO | |
| Fuente | rdacontent |
| Término de tipo de contenido | texto |
| Código de tipo de contenido | txt |
| 337 ## - TIPO DE MEDIO | |
| Fuente | rdamedia |
| Nombre/término del tipo de medio | no mediado |
| Código del tipo de medio | n |
| 338 ## - TIPO DE SOPORTE | |
| Fuente | rdacarrier |
| Nombre/término del tipo de soporte | volumen |
| Código del tipo de soporte | nc |
| 500 ## - NOTA GENERAL | |
| Nota general | Grado 7° Grupo 5 --<br/>Directorio: h. 58-150 |
| 502 ## - NOTA DE TESIS | |
| Nota de tesis | Viaje de Estudios |
| Tipo de título | (SAI) -- |
| Nombre de la institución que otorga el título | UACh. Departamento de Ingeniería Agroindustrial, |
| Año de obtención del título | 2019 |
| 504 ## - NOTA DE BIBLIOGRAFÍA, ETC. | |
| Nota de bibliografía, etc. | Bibliografía: h. 154-156 |
| 505 0# - NOTA DE CONTENIDO CON FORMATO | |
| Nota de contenido con formato | Visitas: -- |
| Título | 1. FIRA (Fideicomisos Instituidos en Relación con la Agricultura) --<br/>2. Vínicola San Juan de la Vaquería --<br/>3. Hacienda Florida --<br/>4. Ex Hacienda San Juan --<br/>5. Bodegas Capellanía --<br/>6. Bodega Barro Viejo --<br/>7. Hacienda del Marqués --<br/>8. Rivero González -- <br/>9. Universidad Tecnológica de Parras de la Fuente --<br/>10. Casa Madero --<br/>11. Don Leo --<br/>12. Vinos Vitali --<br/>13. Gobierno del Estado de Baja California --<br/>14. Paralelo --<br/>15. Vínicola Torres Alegre y Familia --<br/>16. Viñedo Don Julio --<br/>17. Museo del vino --<br/>18. Clos de Tres Cantos --<br/>19. Vena Cava |
| 650 13 - PUNTO DE ACCESO ADICIONAL DE MATERIA--TÉRMINO DE MATERIA | |
| Término de materia o nombre geográfico como elemento de entrada | Industria del vino |
| Subdivisión geográfica | México |
| -- | Baja California |
| 650 13 - PUNTO DE ACCESO ADICIONAL DE MATERIA--TÉRMINO DE MATERIA | |
| Término de materia o nombre geográfico como elemento de entrada | Industria del vino |
| Subdivisión geográfica | México |
| -- | Coahuila |
| 650 13 - PUNTO DE ACCESO ADICIONAL DE MATERIA--TÉRMINO DE MATERIA | |
| 9 (RLIN) | 156221 |
| Término de materia o nombre geográfico como elemento de entrada | Calidad del vino |
| 650 13 - PUNTO DE ACCESO ADICIONAL DE MATERIA--TÉRMINO DE MATERIA | |
| Término de materia o nombre geográfico como elemento de entrada | Vinificación |
| Subdivisión general | Calidad del procesamiento |
| 650 13 - PUNTO DE ACCESO ADICIONAL DE MATERIA--TÉRMINO DE MATERIA | |
| Término de materia o nombre geográfico como elemento de entrada | Wine industry |
| Subdivisión geográfica | Mexico |
| -- | Baja California |
| 650 13 - PUNTO DE ACCESO ADICIONAL DE MATERIA--TÉRMINO DE MATERIA | |
| Término de materia o nombre geográfico como elemento de entrada | Wine industry |
| Subdivisión geográfica | Mexico |
| -- | Coahuila |
| 650 13 - PUNTO DE ACCESO ADICIONAL DE MATERIA--TÉRMINO DE MATERIA | |
| 9 (RLIN) | 156223 |
| Término de materia o nombre geográfico como elemento de entrada | Wine quality |
| 650 13 - PUNTO DE ACCESO ADICIONAL DE MATERIA--TÉRMINO DE MATERIA | |
| Término de materia o nombre geográfico como elemento de entrada | Winemaking |
| Subdivisión general | processing quality |
| 700 1# - PUNTO DE ACCESO ADICIONAL--NOMBRE DE PERSONA | |
| Nombre de persona | Espejel García, Anastacio |
| Término indicativo de función/relación | coordinador |
| 9 (RLIN) | 37809 |
| 700 1# - PUNTO DE ACCESO ADICIONAL--NOMBRE DE PERSONA | |
| Nombre de persona | Camargo Juárez, Miguel Ángel |
| Término indicativo de función/relación | colaborador |
| 9 (RLIN) | 185344 |
| 856 42 - LOCALIZACIÓN Y ACCESO ELECTRÓNICOS | |
| Identificador Uniforme del Recurso | <a href="http://10.13.5.2/ve/T_C_827_SAI/T_C_827_SAI_2019_REPORTE.pdf">http://10.13.5.2/ve/T_C_827_SAI/T_C_827_SAI_2019_REPORTE.pdf</a> |
| Texto de enlace | DESCARGAR REPORTE |
| Estado de retiro | Estado de pérdida | Fuente del sistema de clasificación o colocación | Estado dañado | Restricciones de uso | No para préstamo | Código de colección | Localización permanente | Ubicación/localización actual | Fecha de adquisición | Fuente de adquisición | Total de préstamos | Signatura topográfica completa | Código de barras | Fecha visto por última vez | Número de copia | Tipo de ítem Koha | Ubicación en estantería | Precio válido a partir de |
|---|---|---|---|---|---|---|---|---|---|---|---|---|---|---|---|---|---|---|
| Clasificación Universidad Autónoma de Chapingo | Préstamo interno | Viajes de Estudio | Ingenieria Agroindustrial | Ingenieria Agroindustrial | 05/08/2022 | El autor | T.C.827 E87 SAI 2019 | 1106013499 | 26/01/2026 | Ej. 1 | Viaje de Estudios | |||||||
| Clasificación Universidad Autónoma de Chapingo | Préstamo interno | Viajes de Estudio | Ingenieria Agroindustrial | Ingenieria Agroindustrial | 05/08/2022 | El autor | T.C.827 E87 SAI 2019 | 1106013500 | 05/08/2022 | Ej. 2 | CD | |||||||
| Clasificación Universidad Autónoma de Chapingo | Préstamo 5 días | Viajes de Estudio | Ingenieria Agroindustrial | Ingenieria Agroindustrial | 05/08/2022 | El autor | T.C.827 E87 SAI 2019 | 1106013501 | 05/08/2022 | Ej. 3 | CD | |||||||
| Clasificación Universidad Autónoma de Chapingo | Viajes de estudio - En línea | Ingenieria Agroindustrial | Ingenieria Agroindustrial | 24/02/2023 | El autor | T.C.827 E87 SAI 2019 | 1206013499 | 24/02/2023 | Viajes de Estudio - En línea | En línea | 24/02/2023 |
